Salud emocional en tiempos de crisis; (Registro nro. 15307)

000 -CABECERA
campo de control de longitud fija 02077nam a22002777a 4500
003 - IDENTIFICADOR DEL NÚMERO DE CONTROL
campo de control OSt
005 - FECHA Y HORA DE LA ÚLTIMA TRANSACCIÓN
campo de control 20231127182012.0
008 - DATOS DE LONGITUD FIJA--INFORMACIÓN GENERAL
campo de control de longitud fija 221116s2022 ck ad er 000 0 spa d
020 ## - NÚMERO INTERNACIONAL ESTÁNDAR DEL LIBRO
Número Internacional Estándar del Libro 9789586657433
040 ## - FUENTE DE LA CATALOGACIÓN
Centro/agencia transcriptor CO-MqBPB
041 0# - CÓDIGO DE LENGUA
Código de lengua del texto/banda sonora o título independiente spa
082 04 - NÚMERO DE LA CLASIFICACIÓN DECIMAL DEWEY
Número de clasificación 614.581
Número de documento/Ítem T39s
100 1# - ENTRADA PRINCIPAL--NOMBRE DE PERSONA
Nombre de persona Tizón, Jorge L.
Fechas asociadas al nombre 1946-
Término indicativo de función/relación autor
9 (RLIN) 226997
245 10 - MENCIÓN DE TÍTULO
Título Salud emocional en tiempos de crisis;
Resto del título Reflexiones desde una pandemia /
Mención de responsabilidad, etc. Jorge L. Tizón
250 ## - MENCIÓN DE EDICIÓN
Mención de edición Edición especial
264 #1 - PRODUCCIÓN, PUBLICACIÓN, DISTRIBUCIÓN, FABRICACIÓN Y COPYRIGHT
Producción, publicación, distribución, fabricación y copyright Bogotá, Colombia;
Nombre del de productor, editor, distribuidor, fabricante Siglo del Hombre Editores,
Fecha de producción, publicación, distribución, fabricación o copyright 2022
300 ## - DESCRIPCIÓN FÍSICA
Extensión 183 páginas,
Otras características físicas Tapa Rústica, Ilustraciones, gráficas en blanco y negro,
Dimensiones 21 cm.
490 0# - MENCIÓN DE SERIE
Mención de serie Plan Nacional de Lectura y Escritura Leer es mi Cuento / Ministerio de Cultura
500 ## - NOTA GENERAL
Nota general Esta obra intenta aproximarnos a la comprensión de lo que nos está pasando a nivel psicológico como protagonistas de una crisis: la derivada de la pandemia de la COVID-19.<br/>Más allá del miedo, las emociones que se mueven en una crisis como esta abarcan un espectro más amplio. ¿Cuáles son las demás emociones que nos invaden y qué papel están desempeñando? ¿Cómo podemos gestionar esta crisis y las que vendrán a nivel emocional, a nivel de recursos sanitarios y de salud mental, a nivel de cuidados comunitarios y comunitaristas?<br/>El impacto mundial de esta pandemia es tan nuevo y tan inesperado que no sabemos por dónde irán los acontecimientos. Lo único que sabemos es que no serán como habíamos previsto, como esperábamos o como lo hubiéramos deseado antes de que sucediera. Lo único que puede decirse con seguridad de las crisis… es que habrá más.<br/>Este libro intenta ayudar a repensar el futuro a los futuros posibles. Vamos a necesitar salud, apoyo mutuo y creatividad para que el camino hacia el cambio sea esperanzador.<br/>
504 ## - NOTA DE BIBLIOGRAFÍA, ETC.
Nota de bibliografía, etc. Incluye referencias bibliográficas
521 ## - NOTA DE PÚBLICO DESTINATARIO
Nota de público destinatario Recomendado para un público adulto
650 17 - PUNTO DE ACCESO ADICIONAL DE MATERIA--TÉRMINO DE MATERIA
Término de materia o nombre geográfico como elemento de entrada Epidemias
Subdivisión general Aspectos psicológicos
Fuente del encabezamiento o término LEMB
9 (RLIN) 222129
650 17 - PUNTO DE ACCESO ADICIONAL DE MATERIA--TÉRMINO DE MATERIA
Término de materia o nombre geográfico como elemento de entrada COVID-19 (Enfermedad)
Fuente del encabezamiento o término LEMB
9 (RLIN) 222130
650 17 - PUNTO DE ACCESO ADICIONAL DE MATERIA--TÉRMINO DE MATERIA
Término de materia o nombre geográfico como elemento de entrada Salud pública
Fuente del encabezamiento o término LEMB
9 (RLIN) 11707
942 ## - ELEMENTOS DE PUNTO DE ACCESO ADICIONAL (KOHA)
Fuente del sistema de clasificación o colocación
Tipo de ítem Koha Libro
Existencias
Estado de retiro Estado de pérdida Fuente del sistema de clasificación o colocación Estado dañado No para préstamo Código de colección Localización permanente Ubicación/localización actual Ubicación en estantería Fecha de adquisición Fuente de adquisición Número de inventario Total de préstamos Signatura topográfica completa Código de barras Fecha visto por última vez Número de copia Precio válido a partir de Tipo de ítem Koha Nota pública
          Colección General Biblioteca Pública San Juan Bosco Biblioteca Pública San Juan Bosco Colección General 27/11/2023 Dotación BNC 2023 NT   614.581 T39s MOS503505 27/11/2023 Ej. 1 27/11/2023 Libro Ocho días

© Todos los derechos reservados para la Biblioteca Pública Municipal San Juan Bosco, 2020
Secretaria de Cultura de Mosquera
Carrera 3 N° 10 Esquina Centro Cultural Barrio El Carmén Teléfono: 8270830 Ext: 34
Funcionando con KOHA
Contacto: Biblioteca Pública Municipal San Juan Bosco/ bibliotecasanjuanbosco@mosquera-cundinamarca.gov.co
Mosquera, Cundinamarca